How Many Hive YouTubers Can You Name? - Statistics

General Stats
  • This quiz has been taken 34 times
    15 since last reset
  • The average score is 18 of 216
Answer Stats
Answer % Correct
EvidentP
83%
oNibblesYT
67%
Defectt
58%
Avery Doors
50%
IcyNutella
50%
PontyBoy
50%
DanyPlayz
33%
IgnacioBlades
33%
Kiephie
33%
oficey1
33%
SuperGamerDX
33%
TurboPiggy
33%
1cce
25%
Ackoof
25%
Cranexe
25%
Dynams
25%
Fowben
25%
mj owns u
25%
Zorbified
25%
ZxTime
25%
ArtistGalaxy
17%
Bo0ky
17%
BufferRen
17%
ButterPal
17%
CaesarMC
17%
Corruptnnn
17%
D-Dinos
17%
Deezee
17%
Diecies
17%
DragonG
17%
DrYellower
17%
EggosYT
17%
Electrix
17%
Fenwos
17%
FerretMC
17%
Gappled
17%
GlitchRoCube
17%
IanTheLad
17%
Ianttt
17%
ImPizzas
17%
IzzyBuildz
17%
Jburrow
17%
Jitr0
17%
KampMiggy
17%
nerd4bird
17%
PadaiOS
17%
Paithal
17%
Pyster11
17%
RelicOverseer
17%
RevyRevilo
17%
RoyalChurro
17%
savg
17%
ShorkieGames
17%
sznowy
17%
zCerta
17%
AndrewHacks
8%
Asian John
8%
Awto
8%
Axolox
8%
BlabiMC
8%
BleakMarrow
8%
Chesnok
8%
CxffeeMxngo
8%
DannyIsDaBomb
8%
Dawg00
8%
Douzzy
8%
Elite Koala
8%
Fair Rose
8%
Fe4rlessPlayz
8%
FireUltraYT
8%
Fynoxic
8%
GameTesterGaming
8%
IceFox
8%
IcyCraft
8%
InsaneOrbitzz
8%
IonicDino
8%
ItsBlues
8%
itzdannk
8%
ItzEpic
8%
Jakester
8%
KATIEMAY
8%
LilMaac
8%
LoafiVerse
8%
LoicPlayz
8%
McWMike
8%
MineKat
8%
Osian
8%
PepeTheParrot
8%
Poggy
8%
PotatoPie25
8%
PrimeStrat
8%
Pxffxn
8%
Qntar
8%
Quapot
8%
QwicklishMC
8%
RedBlu
8%
Rubixle
8%
SlenderGuyYT
8%
sparkskye
8%
TheCodGod
8%
Viet
8%
zlata w
8%
zMqgn3t
8%
ZyeHacker
8%
BigGIsCool
0%
BingusPlays
0%
Bralexanic
0%
bruty0
0%
CattoStylesMC
0%
Chaniniscool
0%
ChilledJz
0%
chillysu
0%
Chr7st
0%
CmanWizard
0%
crzzxy
0%
Cudxh
0%
DandaPlayz
0%
dcending
0%
Dragi And Robi
0%
Ducktape
0%
Foxgaal
0%
GigiThePuppy
0%
GM19
0%
GoodestEnglish
0%
HayabutaWz
0%
Hikqrii
0%
HiveBedWars
0%
HiveClips
0%
Hyper13
0%
Hyperpvps
0%
IcyBeeWing
0%
ImPuffed
0%
ItzCardinal
0%
ItzChiliYT
0%
ItzFire
0%
itzGregg
0%
ItzJordinn
0%
ItzRyanYT
0%
Jespy
0%
JoBroGaming
0%
Jukaido
0%
justmomoYT
0%
Kian Hof
0%
kwongli
0%
kymy99
0%
LilOreo
0%
LilTubBubble
0%
LittleDino
0%
LushyBE
0%
LVL 1 Frogg
0%
Lvneth
0%
MacoTaco
0%
MandoPlayz
0%
Manocalm
0%
MBBYT
0%
MICO
0%
Mousery
0%
MysticStriker
0%
NotApprovedx
0%
NotKings
0%
NovaZara
0%
Novus
0%
On1mooon
0%
Pastel Kave
0%
PatarHD
0%
Pigboy888
0%
Piglin Mafia
0%
Plushie0
0%
Plushy33
0%
PocketGaming
0%
PowerPunchYT
0%
qar1z
0%
RedstoneDaCube
0%
RedZem
0%
Reqolour
0%
Rexpem
0%
RylanPrime
0%
Scurrminator
0%
sepper23
0%
Septicol
0%
Server Gaming
0%
SlaySlasher
0%
smmll
0%
SnapplXD
0%
SovaHappy Gaming
0%
SpringBoy
0%
SquadOfBozos
0%
Starrdoom
0%
stevepvps
0%
Stqtic
0%
StrayzMC
0%
stride lul
0%
Sukoqu
0%
Sweepzy
0%
SwimFan72
0%
Tar1a
0%
TealBlob
0%
TheAuraCat
0%
TheMasterBot
0%
TobiDaBee
0%
Top1a
0%
UncutBridge
0%
Urga121
0%
uShadowT
0%
whyumad
0%
Wooks2020
0%
WrongWay98
0%
WSPDanielYT
0%
XL2
0%
Xoop
0%
xqwo
0%
Yarraboy
0%
YellowFish
0%
Zafiro
0%
ZAKOiii
0%
Zane021
0%
No matching quizzes found
Score Distribution
Percent of People with Each Score
Percentile by Number Answered
Your Score History
You have not taken this quiz since the last reset